<?xml version="1.0" encoding="UTF-8"?><?xml-stylesheet type="text/xsl" href="static/style.xsl"?><OAI-PMH xmlns="http://www.openarchives.org/OAI/2.0/" xmlns:xsi="http://www.w3.org/2001/XMLSchema-instance" xsi:schemaLocation="http://www.openarchives.org/OAI/2.0/ http://www.openarchives.org/OAI/2.0/OAI-PMH.xsd"><responseDate>2026-04-13T03:10:56Z</responseDate><request verb="GetRecord" identifier="oai:www.recercat.cat:2445/172277" metadataPrefix="marc">https://recercat.cat/oai/request</request><GetRecord><record><header><identifier>oai:recercat.cat:2445/172277</identifier><datestamp>2025-12-05T09:34:16Z</datestamp><setSpec>com_2072_1057</setSpec><setSpec>col_2072_478799</setSpec><setSpec>col_2072_478917</setSpec></header><metadata><record xmlns="http://www.loc.gov/MARC21/slim" xmlns:dcterms="http://purl.org/dc/terms/" xmlns:xsi="http://www.w3.org/2001/XMLSchema-instance" xmlns:doc="http://www.lyncode.com/xoai" xsi:schemaLocation="http://www.loc.gov/MARC21/slim http://www.loc.gov/standards/marcxml/schema/MARC21slim.xsd">
   <leader>00925njm 22002777a 4500</leader>
   <datafield ind2=" " ind1=" " tag="042">
      <subfield code="a">dc</subfield>
   </datafield>
   <datafield ind2=" " ind1=" " tag="720">
      <subfield code="a">Carreras Barnés, Josep, 1943-2014</subfield>
      <subfield code="e">author</subfield>
   </datafield>
   <datafield ind2=" " ind1=" " tag="260">
      <subfield code="c">2020-11-25T10:30:41Z</subfield>
   </datafield>
   <datafield ind2=" " ind1=" " tag="260">
      <subfield code="c">2020-11-25T10:30:41Z</subfield>
   </datafield>
   <datafield ind2=" " ind1=" " tag="260">
      <subfield code="c">2007-06</subfield>
   </datafield>
   <datafield ind2=" " ind1=" " tag="520">
      <subfield code="a">La Ley Orgánica de Universidades (LOU)  estableció un sistema de selección del profesorado funcionario en dos fases: una fase de habilitación nacional y una fase de concursos de acceso a las plazas convocadas por las universidades. El sistema de habilitación, fue muy criticado por los gobiernos de las Comunidades Autónomas, por la Conferencia de Rectores de las Universidades Españolas (CRUE), por autoridades académicas, profesores, partidos políticos de la oposición y organizaciones sindicales. Se señaló que no respetaba la autonomía universitaria; que no aseguraba que las plazas se cubrieran con las personas más adecuadas; que no eliminaba la “endogamia” en la selección del profesorado, y que resultaba altamente costoso e ineficiente. A la vez, se denunciaron arbitrariedades e irregularidades en el proceder de &#xd;
las comisiones de habilitación. Por todo ello, el Partido Socialista al acceder al gobierno el año 2004 inició &#xd;
un proceso dirigido a la sustitución del sistema de habilitación por un sistema de acreditación. Por lo que respecta a la selección del profesorado contratado permanente, la LOU determinó que las Universidades debían realizarla entre doctores cuya actividad académica hubiera sido evaluada positivamente por la Agencia  Nacional o por una Agencia Autonómica de evaluación. El procedimiento desarrollado  por la Agencia Nacional fue duramente criticado; por lo cual el gobierno del Partido Socialista lo modificó,  haciéndolo más ágil y transparente. La normativa de los concursos de acceso a plazas concretas quedó fijada por los estatutos de cada universidad; lo que determinó la existencia de notables diferencias entre las mismas.</subfield>
   </datafield>
   <datafield tag="653" ind2=" " ind1=" ">
      <subfield code="a">Legislació educativa</subfield>
   </datafield>
   <datafield tag="653" ind2=" " ind1=" ">
      <subfield code="a">Professors universitaris</subfield>
   </datafield>
   <datafield tag="653" ind2=" " ind1=" ">
      <subfield code="a">Funcionaris</subfield>
   </datafield>
   <datafield tag="653" ind2=" " ind1=" ">
      <subfield code="a">Selecció de personal</subfield>
   </datafield>
   <datafield tag="653" ind2=" " ind1=" ">
      <subfield code="a">Educational law and legislation</subfield>
   </datafield>
   <datafield tag="653" ind2=" " ind1=" ">
      <subfield code="a">College teachers</subfield>
   </datafield>
   <datafield tag="653" ind2=" " ind1=" ">
      <subfield code="a">Public officers</subfield>
   </datafield>
   <datafield tag="653" ind2=" " ind1=" ">
      <subfield code="a">Employee selection</subfield>
   </datafield>
   <datafield ind2="0" ind1="0" tag="245">
      <subfield code="a">Evaluación de la calidad docente y promoción del profesorado (V). Legislación universitaria española (c): desarrollo de la Ley Orgánica de Universidades (2002-2005)</subfield>
   </datafield>
</record></metadata></record></GetRecord></OAI-PMH>